[Event "Irkutsk-ch"]
[Site "Irkutsk"]
[Date "2017.03.04"]
[Round "9"]
[White "Goriachkin, Viktor"]
[Black "Ergeshov, Timur"]
[Result "0-1"]
[WhiteElo "1898"]
[BlackElo "2301"]
[PlyCount "54"]
[EventDate "2017.02.04"]
[EventType "swiss"]
[EventRounds "9"]
[EventCountry "RUS"]
[SourceTitle "CBM 177 Extra"]
[Source "ChessBase"]
[SourceDate "2017.04.27"]
[SourceVersion "1"]
[SourceVersionDate "2017.04.27"]
[SourceQuality "1"]

1. e4 c5 2. Nf3 d6 3. d4 cxd4 4. Nxd4 Nf6 5. Nc3 a6 6. Be2 e5 7. Nb3 Be6 8. 0-0 Nbd7 9. Kh1 Be7 10. f4 Qc7 11. Nd5 Bxd5 12. exd5 0-0 13. c4 a5 14. Be3 a4 15. Nd2 Rfe8 16. f5 Nc5 17. g4 Nfe4 18. Nxe4 Nxe4 19. Qc2 Nf6 20. Rad1 Nd7 21. g5 Bf8 22. g6 Nf6 23. Rg1 Kh8 24. Bg5 Be7 25. Qd3 Qd7 26. Qh3 fxg6 27. fxg6 Qxh3 0-1

[Event "Irkutsk-ch"]
[Site "Irkutsk"]
[Date "2017.02.18"]
[Round "4"]
[White "Goriachkin, Viktor"]
[Black "Kupriyanov, Mikhail"]
[Result "1/2-1/2"]
[WhiteElo "1898"]
[BlackElo "2030"]
[PlyCount "144"]
[EventDate "2017.02.04"]
[EventType "swiss"]
[EventRounds "9"]
[EventCountry "RUS"]
[SourceTitle "CBM 177 Extra"]
[Source "ChessBase"]
[SourceDate "2017.04.27"]
[SourceVersion "1"]
[SourceVersionDate "2017.04.27"]
[SourceQuality "1"]

1. e4 e6 2. d4 d5 3. Nc3 dxe4 4. Nxe4 Nd7 5. Nf3 Ngf6 6. Bd3 Be7 7. 0-0 0-0 8. c4 b6 9. Qe2 Bb7 10. Ng3 c5 11. b3 cxd4 12. Bb2 Nc5 13. Rad1 Qc7 14. Bxd4 Rad8 15. Be5 Qc6 16. Rfe1 Nxd3 17. Rxd3 Rxd3 18. Qxd3 Ng4 19. Bc3 Rd8 20. Qc2 Qd7 21. h3 Bxf3 22. hxg4 Bxg4 23. Qb2 f6 24. f3 Bd6 25. Ne4 Bf5 26. Bxf6 Be7 27. Bxg7 Bh4 28. Be5 Qd3 29. Re2 Kf7 30. Kh2 Bxe4 31. Rxe4 Bg5 32. Qe2 Qd2 33. f4 Qxe2 34. Rxe2 Bf6 35. Bxf6 Kxf6 36. Kh3 Rd3+ 37. g3 a5 38. Re5 a4 39. Rb5 a3 40. Rxb6 Rd2 41. Ra6 Rxa2 42. g4 Ra1 43. Kg2 a2 44. f5 Rb1 45. Rxa2 exf5 46. Rf2 Rxb3 47. Rxf5+ Ke6 48. Rf3 Rb2+ 49. Kg3 Rc2 50. Rf4 h6 51. Re4+ Kf6 52. Kf4 Rc3 53. Rd4 Ke6 54. Ke4 Rg3 55. Kf4 Rc3 56. Ke4 Rg3 57. Rd5 Rxg4+ 58. Kd3 h5 59. Rxh5 Kd6 60. Kc3 Kc7 61. Kb4 Rg6 62. Rc5+ Kb7 63. Rf5 Kc7 64. Kb5 Rh6 65. Rf7+ Kc8 66. c5 Rg6 67. Ra7 Rh6 68. Rg7 Rf6 69. Re7 Rh6 70. Re8+ Kc7 71. Re7+ Kc8 72. Ra7 Rg6 1/2-1/2

[Event "Irkutsk-ch"]
[Site "Irkutsk"]
[Date "2017.02.05"]
[Round "2"]
[White "Goriachkin, Viktor"]
[Black "Sakhyanov, Igor"]
[Result "1-0"]
[WhiteElo "1898"]
[BlackElo "1672"]
[PlyCount "117"]
[EventDate "2017.02.04"]
[EventType "swiss"]
[EventRounds "9"]
[EventCountry "RUS"]
[SourceTitle "CBM 177 Extra"]
[Source "ChessBase"]
[SourceDate "2017.04.27"]
[SourceVersion "1"]
[SourceVersionDate "2017.04.27"]
[SourceQuality "1"]

1. e4 d6 2. d4 Nf6 3. Nc3 Nbd7 4. Bg5 e5 5. Nf3 Be7 6. Qd2 0-0 7. 0-0-0 a6 8. dxe5 dxe5 9. h3 b5 10. Bxf6 Bxf6 11. Qe3 c6 12. g4 Re8 13. g5 Be7 14. Nxe5 Bxg5 15. f4 Rxe5 16. Rg1 Bh6 17. Kb1 Qf6 18. Rg4 Re8 19. Qg3 Nf8 20. e5 Qe7 21. Rh4 Ng6 22. Rxh6 gxh6 23. Ne4 Kh8 24. Nf6 Rd8 25. Bd3 c5 26. Rg1 Rxd3 27. Qxd3 c4 28. Qe4 Bb7 29. Qf5 Rd8 30. Qh5 Qc5 31. Rc1 Qf8 32. Qf5 Rd4 33. Nh5 Bf3 34. Qf6+ Kg8 35. e6 Rd6 36. exf7+ Qxf7 37. Qxd6 Bxh5 38. Re1 Qxf4 39. Qd5+ Kg7 40. Qxh5 c3 41. Qd5 cxb2 42. Qb7+ Qf7 43. Qxa6 Qd7 44. Qb6 h5 45. Qe3 h4 46. Rg1 Kf6 47. Qg5+ Kf7 48. Qh6 Ke8 49. Re1+ Kd8 50. Qg5+ Kc7 51. Qc5+ Kb7 52. Re3 Qc6 53. Qf5 Qh1+ 54. Kxb2 Qc6 55. Rc3 Qe8 56. Qd5+ Kb8 57. Qd6+ Ka8 58. Qa6+ Kb8 59. Rc5 1-0

[Event "Irkutsk Spring"]
[Site "Irkutsk"]
[Date "2016.04.09"]
[Round "1"]
[White "Goriachkin, Viktor"]
[Black "Osipov, Alexey"]
[Result "1/2-1/2"]
[WhiteElo "1925"]
[BlackElo "1660"]
[PlyCount "124"]
[EventDate "2016.04.09"]
[EventType "swiss"]
[EventRounds "9"]
[EventCountry "RUS"]
[SourceTitle "EXT 2022"]
[Source "ChessBase"]
[SourceDate "2021.10.06"]
[SourceVersion "1"]
[SourceVersionDate "2021.10.06"]
[SourceQuality "1"]

1. e4 c6 2. Nf3 d5 3. Nc3 d4 4. Ne2 c5 5. Ng3 Nc6 6. Bc4 e6 7. d3 Be7 8. Bd2 Nf6 9. h4 a6 10. a4 h6 11. e5 Nd5 12. Nh5 Bf8 13. Rh3 g6 14. Bxd5 exd5 15. Nf6+ Ke7 16. Rg3 Bg7 17. Ng4 Bxg4 18. Rxg4 Qd7 19. Rg3 Nxe5 20. Kf1 Rae8 21. b4 Nxf3 22. Qxf3 c4 23. dxc4 dxc4 24. b5 c3 25. Bc1 a5 26. Ba3+ Kd8 27. Rd1 Re5 28. Rg4 Rd5 29. Re4 Re8 30. Rxe8+ Kxe8 31. Re1+ Re5 32. Rxe5+ Bxe5 33. Qe4 Qe6 34. Qxb7 Qd7 35. Qa8+ Qd8 36. Qe4 Qf6 37. b6 Qf4 38. Qc6+ Kd8 39. Qd5+ Kc8 40. g3 Qf6 41. Qa8+ Kd7 42. Qd5+ Kc8 43. Kg2 Qe6 44. Qxa5 Qc6+ 45. f3 f6 46. Qa6+ Kb8 47. a5 g5 48. hxg5 hxg5 49. Qd3 g4 50. Bc1 gxf3+ 51. Qxf3 Qc5 52. g4 Qxa5 53. Qf5 Qxb6 54. g5 Qb7+ 55. Kf2 Qg7 56. Bf4 Bxf4 57. Qxf4+ Kb7 58. gxf6 Qg6 59. Qxd4 Qxc2+ 60. Ke3 Qc1+ 61. Ke2 Qc2+ 62. Ke3 Qb3 1/2-1/2

[Event "Irkutsk-ch op"]
[Site "Irkutsk"]
[Date "2016.02.27"]
[Round "5"]
[White "Goriachkin, Viktor"]
[Black "Ergeshov, Chingiz"]
[Result "0-1"]
[WhiteElo "1942"]
[BlackElo "1825"]
[PlyCount "128"]
[EventDate "2016.02.13"]
[EventType "swiss"]
[EventRounds "9"]
[EventCountry "RUS"]
[SourceTitle "EXT 2018"]
[Source "ChessBase"]
[SourceDate "2017.10.13"]
[SourceVersion "1"]
[SourceVersionDate "2017.10.13"]
[SourceQuality "1"]

1. e4 c6 2. Nf3 d5 3. Nc3 Bg4 4. h3 Bxf3 5. Qxf3 e6 6. d3 Nf6 7. Be2 dxe4 8. Nxe4 Nxe4 9. dxe4 Nd7 10. 0-0 Be7 11. Rd1 0-0 12. Qg3 Qe8 13. Bh6 Bf6 14. f4 e5 15. f5 Kh8 16. Be3 Qe7 17. Qf2 Rfd8 18. Rd3 Bg5 19. Rad1 Bxe3 20. Qxe3 Nb6 21. b3 h6 22. a4 Rxd3 23. Qxd3 Qc5+ 24. Kh1 Kh7 25. c3 a5 26. Bh5 g6 27. fxg6+ fxg6 28. Bf3 Rf8 29. b4 axb4 30. cxb4 Qxb4 31. Rb1 Qc5 32. a5 Qxa5 33. Qb3 Qb5 34. Qxb5 cxb5 35. Rxb5 Nc4 36. Rxb7+ Kg8 37. Kg1 Rf7 38. Rb4 Rc7 39. Kf2 Kf7 40. Ke2 Nd6 41. Kd3 h5 42. g4 hxg4 43. Bxg4 Ra7 44. Rb3 Ra4 45. Bf3 Rd4+ 46. Ke3 Nc4+ 47. Kf2 Kf6 48. Kg3 Nd2 49. Rb6+ Kg5 50. h4+ Kh6 51. h5 Rd3 52. Rxg6+ Kh7 53. Re6 Rxf3+ 54. Kg4 Rf4+ 55. Kg3 Nxe4+ 56. Kg2 Rf5 57. Rc6 Nf6 58. Kg3 Kh6 59. Re6 Kxh5 60. Rc6 Kg5 61. Rc8 Ne4+ 62. Kg2 Kf4 63. Kf1 Ke3+ 64. Ke1 Rh5 0-1

[Event "Irkutsk Baykal op"]
[Site "Irkutsk"]
[Date "2015.07.25"]
[Round "8"]
[White "Galenpolsky, Mikhail"]
[Black "Goriachkin, Viktor"]
[Result "1-0"]
[WhiteElo "1734"]
[BlackElo "1956"]
[PlyCount "85"]
[EventDate "2015.07.18"]
[EventType "swiss"]
[EventRounds "9"]
[EventCountry "RUS"]
[SourceTitle "EXT 2016"]
[Source "ChessBase"]
[SourceDate "2015.10.08"]
[SourceVersion "1"]
[SourceVersionDate "2015.10.08"]
[SourceQuality "1"]

1. e4 c5 2. c3 e5 3. Nf3 Nc6 4. Bc4 Nf6 5. Ng5 d5 6. exd5 Na5 7. Bb5+ Bd7 8. Qe2 b6 9. Qxe5+ Qe7 10. Bxd7+ Nxd7 11. Qxe7+ Bxe7 12. d3 Ne5 13. Ke2 c4 14. dxc4 Nexc4 15. b3 Nd6 16. Nf3 Bf6 17. Bg5 Bxg5 18. Nxg5 0-0 19. c4 Rfe8+ 20. Kd1 h6 21. Nh3 Rac8 22. Re1 Rxe1+ 23. Kxe1 b5 24. cxb5 Nxb5 25. Nd2 Rd8 26. Nc4 Nb7 27. Ne3 Nc3 28. Rc1 Nxd5 29. Rd1 Nb4 30. a3 Nc6 31. Rxd8+ Nbxd8 32. Kd2 Ne6 33. Kc3 Kf8 34. b4 a6 35. Kc4 Ke7 36. Kd5 Ncd4 37. Nf4 Kd7 38. Nxe6 Nxe6 39. g3 g6 40. Ng4 h5 41. Ne5+ Kc7 42. Nxf7 Nf8 43. f4 1-0

[Event "Irkutsk-ch otbor"]
[Site "Irkutsk"]
[Date "2013.11.28"]
[Round "4"]
[White "Goriachkin, Viktor"]
[Black "Rozhnev, Gennady"]
[Result "0-1"]
[WhiteElo "1986"]
[BlackElo "2099"]
[PlyCount "64"]
[EventDate "2013.11.17"]
[EventType "swiss"]
[EventRounds "9"]
[EventCountry "RUS"]
[SourceTitle "EXT 2016"]
[Source "ChessBase"]
[SourceDate "2015.10.08"]
[SourceVersion "1"]
[SourceVersionDate "2015.10.08"]
[SourceQuality "1"]

1. e4 c5 2. Nf3 Nc6 3. Bb5 d6 4. Bxc6+ bxc6 5. 0-0 e5 6. h3 Nf6 7. Re1 Be7 8. c3 0-0 9. d4 cxd4 10. cxd4 exd4 11. Nxd4 Qb6 12. Nc3 Re8 13. Rb1 Bf8 14. Bg5 Nd7 15. Be3 Qa6 16. Nf5 Re6 17. b4 Qc4 18. Bd4 c5 19. bxc5 dxc5 20. Nd5 cxd4 21. Rc1 Qxa2 22. Nc7 Rb8 23. Nxe6 Qxe6 24. Nxd4 Qb6 25. Rc6 Qb4 26. Rc7 Ne5 27. Re3 Qb6 28. Rec3 Bb7 29. Nf3 Bd6 30. Rxb7 Nxf3+ 31. gxf3 Rxb7 32. Rc8+ Bf8 0-1

[Event "Irkutsk Ermolaev Memorial 7th"]
[Site "Irkutsk"]
[Date "2013.08.07"]
[Round "5"]
[White "Goriachkin, Viktor"]
[Black "Khipkhenov, Igor"]
[Result "0-1"]
[WhiteElo "2005"]
[BlackElo "2055"]
[PlyCount "62"]
[EventDate "2013.08.02"]
[EventType "swiss"]
[EventRounds "9"]
[EventCountry "RUS"]
[SourceTitle "CBM 155 Extra"]
[Source "ChessBase"]
[SourceDate "2013.08.26"]
[SourceVersion "1"]
[SourceVersionDate "2013.08.26"]
[SourceQuality "1"]

1. e4 c5 2. Nf3 d6 3. d4 cxd4 4. Nxd4 Nf6 5. Nc3 a6 6. Be3 e6 7. g4 b5 8. g5 Nfd7 9. a3 Bb7 10. Bg2 Nb6 11. b3 N8d7 12. 0-0 Rc8 13. Nde2 Be7 14. Qd2 0-0 15. Rad1 Qc7 16. Bf4 Ne5 17. Be3 Rfd8 18. Qd4 Nbd7 19. b4 Nc4 20. Bc1 d5 21. exd5 Ndb6 22. Qg4 Nxd5 23. Ne4 Ne5 24. Qg3 Ng6 25. Qg4 Qxc2 26. Nd4 Qc7 27. Bb2 Qf4 28. Qe2 Qh4 29. Nf3 Ndf4 30. Qe3 Qg4 31. Ng3 Nxg2 0-1

[Event "Irkutsk Ermolaev Memorial 7th"]
[Site "Irkutsk"]
[Date "2013.08.06"]
[Round "4"]
[White "Nikolaev, Alexander"]
[Black "Goriachkin, Viktor"]
[Result "1-0"]
[WhiteElo "2231"]
[BlackElo "2005"]
[PlyCount "75"]
[EventDate "2013.08.02"]
[EventType "swiss"]
[EventRounds "9"]
[EventCountry "RUS"]
[SourceTitle "CBM 155 Extra"]
[Source "ChessBase"]
[SourceDate "2013.08.26"]
[SourceVersion "1"]
[SourceVersionDate "2013.08.26"]
[SourceQuality "1"]

1. d4 Nf6 2. c4 g6 3. Nc3 Bg7 4. e4 d6 5. Nf3 0-0 6. h3 c5 7. d5 b5 8. cxb5 a6 9. b6 Nbd7 10. Be2 Nxb6 11. 0-0 Bb7 12. Bf4 Rc8 13. Qc2 e5 14. dxe6 fxe6 15. e5 Bxf3 16. exf6 Qxf6 17. Bxd6 Rfd8 18. Bxf3 Rxd6 19. Ne4 Qf5 20. Bg4 Qe5 21. Nxd6 Qxd6 22. Rfe1 Re8 23. Rad1 Qc6 24. b3 Kf7 25. Bf3 Qc7 26. h4 Nd7 27. h5 Ne5 28. Qe4 Kg8 29. Be2 gxh5 30. Bxh5 Rf8 31. Be2 Qf7 32. Rf1 Ng6 33. Bc4 Re8 34. Rd6 Nf4 35. Rxa6 Bd4 36. Ra8 Rxa8 37. Qxa8+ Kg7 38. Qf3 1-0

[Event "Irkutsk Ermolaev Memorial 7th"]
[Site "Irkutsk"]
[Date "2013.08.05"]
[Round "3"]
[White "Goriachkin, Viktor"]
[Black "Emelianov, Sergei"]
[Result "1-0"]
[WhiteElo "2005"]
[BlackElo "1918"]
[PlyCount "65"]
[EventDate "2013.08.02"]
[EventType "swiss"]
[EventRounds "9"]
[EventCountry "RUS"]
[SourceTitle "CBM 155 Extra"]
[Source "ChessBase"]
[SourceDate "2013.08.26"]
[SourceVersion "1"]
[SourceVersionDate "2013.08.26"]
[SourceQuality "1"]

1. e4 e5 2. Nf3 Nf6 3. Nc3 Nc6 4. Bb5 Bb4 5. Nd5 Ba5 6. Qe2 Nd4 7. Nxd4 exd4 8. Nxf6+ Qxf6 9. 0-0 0-0 10. d3 c6 11. Ba4 Re8 12. f4 d6 13. a3 Bd7 14. b4 Bb6 15. Bd2 a5 16. Bb3 axb4 17. axb4 Be6 18. Rxa8 Rxa8 19. Bxe6 Qxe6 20. f5 Qf6 21. Qg4 Ra2 22. Bg5 Qe5 23. f6 Qe8 24. Bf4 g6 25. Bxd6 Ra8 26. Qg5 Kh8 27. Qh6 Qg8 28. e5 Rd8 29. Be7 Re8 30. e6 Bd8 31. Qg7+ Qxg7 32. fxg7+ Kxg7 33. exf7 1-0

[Event "Irkutsk-ch sf"]
[Site "Irkutsk"]
[Date "2012.02.05"]
[Round "9"]
[White "Ergeshov, Timur"]
[Black "Goriachkin, Viktor"]
[Result "1/2-1/2"]
[WhiteElo "1859"]
[BlackElo "2012"]
[PlyCount "130"]
[EventDate "2012.01.21"]
[EventType "swiss"]
[EventRounds "9"]
[EventCountry "RUS"]
[SourceTitle "CBM 146 Extra"]
[Source "ChessBase"]
[SourceDate "2012.02.29"]
[SourceVersion "1"]
[SourceVersionDate "2012.02.29"]
[SourceQuality "1"]

1. d4 Nf6 2. c4 g6 3. Nc3 Bg7 4. e4 d6 5. Nf3 0-0 6. Be2 e5 7. 0-0 Nc6 8. d5 Ne7 9. Ne1 Nd7 10. Be3 f5 11. f3 f4 12. Bf2 g5 13. b4 Nf6 14. c5 Ng6 15. cxd6 cxd6 16. Rc1 Rf7 17. Nb5 a6 18. Nc3 Bf8 19. a4 b6 20. Nb1 a5 21. bxa5 Rxa5 22. Na3 Ba6 23. Bxa6 Rxa6 24. Nd3 Qa8 25. Nb5 Rxa4 26. Bxb6 Qa6 27. Nxd6 Bxd6 28. Rc6 Bf8 29. Bd4 Qxc6 30. dxc6 Rxd4 31. Qc2 Ne8 32. Rb1 Nc7 33. Qc3 Bd6 34. Nc5 Bxc5 35. Qxc5 Ne6 36. Rb8+ Kg7 37. Qc2 Ngf8 38. Rb7 Nc7 39. Qc5 Kf6 40. Rxc7 Rxc7 41. Qxf8+ Rf7 42. Qh6+ Ke7 43. Qxg5+ Ke6 44. Qh6+ Ke7 45. Qg5+ Kd6 46. Qd8+ Kxc6 47. Qe8+ Rfd7 48. Qe6+ R7d6 49. Qc8+ Kb5 50. Qe8+ Kc4 51. Qc8+ Kd3 52. Qc1 Ke2 53. Qf1+ Kd2 54. Qf2+ Kc1 55. h4 Rc6 56. Qa2 Rc2 57. Qa3+ Kd2 58. Kh2 Rd3 59. Qa5+ Ke3 60. Qxe5 Rdd2 61. Qg7 h5 62. e5 Rc1 63. e6 Rdd1 64. Qe5+ Kf2 65. Qb2+ Ke3 1/2-1/2

[Event "Irkutsk Urbanovich Memorial"]
[Site "Irkutsk"]
[Date "2010.03.27"]
[Round "14"]
[White "Belomestnykh, Afanasy"]
[Black "Goriachkin, Viktor"]
[Result "0-1"]
[WhiteElo "1795"]
[BlackElo "1994"]
[PlyCount "68"]
[EventDate "2010.03.14"]
[EventType "tourn"]
[EventRounds "15"]
[EventCountry "RUS"]
[SourceTitle "EXT 2023"]
[Source "ChessBase"]
[SourceDate "2022.10.05"]
[SourceVersion "1"]
[SourceVersionDate "2022.10.05"]
[SourceQuality "1"]

1. d4 Nf6 2. c4 g6 3. Nc3 Bg7 4. g3 d6 5. Bg2 0-0 6. Nf3 c5 7. 0-0 Na6 8. d5 Nc7 9. e4 b5 10. cxb5 Rb8 11. a4 a6 12. bxa6 Bxa6 13. Re1 Nd7 14. Qc2 Nb6 15. b3 Nd7 16. Rb1 e6 17. Bg5 f6 18. dxe6 Nxe6 19. Be3 Ne5 20. Nxe5 fxe5 21. Nd5 Nd4 22. Qd1 Bb7 23. f4 Bxd5 24. exd5 Nf5 25. Bd2 exf4 26. Bxf4 Rb4 27. Re4 Rxe4 28. Bxe4 Bd4+ 29. Kh1 Qf6 30. Qd3 g5 31. Bd2 Qg6 32. g4 Ng3+ 33. hxg3 Qh6+ 34. Kg2 Rf2+ 0-1

[Event "Irkutsk Urbanovich Memorial"]
[Site "Irkutsk"]
[Date "2010.03.23"]
[Round "10"]
[White "Goriachkin, Viktor"]
[Black "Drapeza, Sergey"]
[Result "1-0"]
[WhiteElo "1994"]
[BlackElo "1681"]
[PlyCount "65"]
[EventDate "2010.03.14"]
[EventType "tourn"]
[EventRounds "15"]
[EventCountry "RUS"]
[SourceTitle "EXT 2023"]
[Source "ChessBase"]
[SourceDate "2022.10.05"]
[SourceVersion "1"]
[SourceVersionDate "2022.10.05"]
[SourceQuality "1"]

1. e4 d5 2. exd5 Nf6 3. Nf3 Nxd5 4. d4 g6 5. c4 Nf6 6. Nc3 Bg7 7. Be2 0-0 8. 0-0 c6 9. h3 Qc7 10. Be3 a5 11. Qd2 Bd7 12. Bf4 Qc8 13. Ne5 Be6 14. Rac1 Rd8 15. d5 Na6 16. Qe3 Bd7 17. Rfd1 Ne8 18. Na4 Nd6 19. Nb6 Qc7 20. Nexd7 c5 21. Qxe7 Re8 22. Qxd6 Qd8 23. Rc2 Nb4 24. Rcd2 Ra6 25. a3 Na2 26. Qxc5 Qh4 27. Bg3 Qg5 28. Bf3 h5 29. Qc7 Re1+ 30. Rxe1 Qxd2 31. Re8+ Kh7 32. Nf8+ Bxf8 33. Qxf7+ 1-0

[Event "Irkutsk Urbanovich Memorial"]
[Site "Irkutsk"]
[Date "2010.03.18"]
[Round "5"]
[White "Usov, Alexander"]
[Black "Goriachkin, Viktor"]
[Result "0-1"]
[WhiteElo "1701"]
[BlackElo "1994"]
[PlyCount "89"]
[EventDate "2010.03.14"]
[EventType "tourn"]
[EventRounds "15"]
[EventCountry "RUS"]
[SourceTitle "EXT 2023"]
[Source "ChessBase"]
[SourceDate "2022.10.05"]
[SourceVersion "1"]
[SourceVersionDate "2022.10.05"]
[SourceQuality "1"]

1. e4 c5 2. Nf3 Nc6 3. d4 cxd4 4. Nxd4 d6 5. c4 g6 6. Nc3 Bg7 7. Be3 Nf6 8. Be2 0-0 9. 0-0 Bd7 10. Rc1 Re8 11. Kh1 a6 12. f3 e6 13. Qd2 Qc7 14. Rfd1 Rad8 15. Nb3 Bc8 16. Na4 Qb8 17. Nb6 d5 18. cxd5 exd5 19. exd5 Qe5 20. Nxc8 Rxd5 21. f4 Qxe3 22. Qxe3 Rxe3 23. Bf3 Rxd1+ 24. Rxd1 Re8 25. Nd6 Rd8 26. Nxb7 Rxd1+ 27. Bxd1 Nd5 28. Bf3 Nce7 29. N7c5 a5 30. Nd3 Nb4 31. Nbc1 Nf5 32. Nxb4 axb4 33. Nd3 Nd4 34. Bd1 Nc6 35. Ba4 Na5 36. Kg1 Kf8 37. Kf2 Nb7 38. Ke2 Ke7 39. Kd1 Nd6 40. g4 f5 41. g5 Ne4 42. Bc6 Kd6 43. Bxe4 fxe4 44. Nxb4 Bxb2 45. Ke2 0-1

[Event "Irkutsk Urbanovich Memorial"]
[Site "Irkutsk"]
[Date "2010.03.17"]
[Round "4"]
[White "Goriachkin, Viktor"]
[Black "Privalikhin, Fedor"]
[Result "0-1"]
[WhiteElo "1994"]
[BlackElo "2147"]
[PlyCount "97"]
[EventDate "2010.03.14"]
[EventType "tourn"]
[EventRounds "15"]
[EventCountry "RUS"]
[SourceTitle "EXT 2023"]
[Source "ChessBase"]
[SourceDate "2022.10.05"]
[SourceVersion "1"]
[SourceVersionDate "2022.10.05"]
[SourceQuality "1"]

1. e4 e5 2. Nf3 Nc6 3. Bb5 a6 4. Ba4 Nf6 5. 0-0 Be7 6. Re1 b5 7. Bb3 0-0 8. h3 h6 9. c3 d6 10. d4 Re8 11. a4 Bb7 12. Nbd2 Bf8 13. d5 Nb8 14. Nf1 Nbd7 15. Bc2 c6 16. dxc6 Bxc6 17. Ng3 Nc5 18. a5 Qc7 19. b4 Ncd7 20. Bb3 Qb7 21. Qd3 Rad8 22. c4 Nb8 23. Bb2 bxc4 24. Bxc4 Nxe4 25. Bxf7+ Qxf7 26. Nxe4 Bb5 27. Qd2 Nc6 28. Rac1 d5 29. Nc5 d4 30. Nxa6 e4 31. Rxc6 Bxc6 32. Nxd4 e3 33. Rxe3 Qg6 34. Rg3 Qb1+ 35. Kh2 Re1 36. Rg4 Rh1+ 37. Kg3 Qf1 38. f3 Bxf3 39. Rf4 Qxa6 40. Qe3 Bd5 41. Qe5 Qd6 42. Nf5 Qxe5 43. Bxe5 Rg1 44. Ne3 Ba8 45. Rc4 Rb1 46. Kf4 Rxb4 47. Kf5 Rxc4 48. Nxc4 Bxg2 49. h4 0-1

[Event "Dimitrovgrad-ch"]
[Site "Dimitrovgrad"]
[Date "2009.??.??"]
[Round "5"]
[White "Goriachkin, Viktor"]
[Black "Shigorov, Vitaly"]
[Result "1/2-1/2"]
[WhiteElo "1990"]
[BlackElo "1925"]
[PlyCount "142"]
[EventDate "2009.08.??"]
[EventType "swiss"]
[EventRounds "9"]
[EventCountry "RUS"]
[SourceTitle "EXT 2012"]
[Source "ChessBase"]
[SourceDate "2011.11.24"]
[SourceVersion "1"]
[SourceVersionDate "2011.11.24"]
[SourceQuality "1"]

1. e4 c5 2. Nf3 d6 3. d4 cxd4 4. Nxd4 e5 5. Nb3 Nf6 6. Nc3 a6 7. f3 Nc6 8. Be3 Qc7 9. Qd2 Be6 10. Nd5 Bxd5 11. exd5 Ne7 12. c4 g6 13. Bd3 Nd7 14. 0-0 Bg7 15. Rac1 0-0 16. Bb1 b6 17. f4 Nc5 18. f5 gxf5 19. Nxc5 bxc5 20. Bxf5 Nxf5 21. Rxf5 Qd7 22. Rcf1 e4 23. Kh1 Rfe8 24. Bh6 Re5 25. Rg5 Rxg5 26. Qxg5 f5 27. g4 Re8 28. gxf5 Kh8 29. Rg1 Bd4 30. Rf1 e3 31. Qh5 e2 32. Re1 Qe7 33. Qf3 Bf6 34. Bf4 Qe4 35. Kg2 Bxb2 36. Qxe4 Rxe4 37. Kf3 Rxc4 38. Rxe2 Bf6 39. Re6 Kg7 40. Rxd6 Rd4 41. Be3 Rd1 42. Rd7+ Kf8 43. Bxc5+ Ke8 44. Rd6 Kf7 45. Bb4 Be5 46. Rxa6 Rxd5 47. h3 Bh2 48. Kg2 Bf4 49. Ra5 Rd3 50. Ra3 Rd4 51. Bc3 Rd3 52. Ra7+ Ke8 53. Bb4 Bg5 54. Rxh7 Rd4 55. Rg7 Bf6 56. Rg6 Rxb4 57. Rxf6 Rb2+ 58. Kg3 Rxa2 59. Kg4 Rg2+ 60. Kh5 Ke7 61. Rg6 Rf2 62. Kg5 Rg2+ 63. Kh6 Rf2 64. Re6+ Kf7 65. Kg5 Rg2+ 66. Kf4 Rf2+ 67. Kg4 Rf1 68. h4 Rg1+ 69. Kf4 Rf1+ 70. Kg5 Rg1+ 71. Kh6 Rf1 1/2-1/2

[Event "Dimitrovgrad-ch"]
[Site "Dimitrovgrad"]
[Date "2009.??.??"]
[Round "4"]
[White "Kuznetsov, Vladimir1"]
[Black "Goriachkin, Viktor"]
[Result "1-0"]
[WhiteElo "1940"]
[BlackElo "1990"]
[PlyCount "61"]
[EventDate "2009.08.??"]
[EventType "swiss"]
[EventRounds "9"]
[EventCountry "RUS"]
[SourceTitle "EXT 2012"]
[Source "ChessBase"]
[SourceDate "2011.11.24"]
[SourceVersion "1"]
[SourceVersionDate "2011.11.24"]
[SourceQuality "1"]

1. Nf3 d5 2. b3 Nc6 3. Bb2 Bg4 4. e3 e5 5. h3 Bxf3 6. Qxf3 Nf6 7. Bb5 Bd6 8. 0-0 0-0 9. Bxc6 bxc6 10. c4 Qd7 11. d4 e4 12. Qe2 Rfe8 13. Nc3 a6 14. Rac1 Qf5 15. Na4 Qg5 16. Nc5 h5 17. Nxa6 dxc4 18. Qxc4 Nd5 19. Qxc6 Nxe3 20. fxe3 Qxe3+ 21. Rf2 Qg3 22. Nxc7 e3 23. Nxe8 Qxf2+ 24. Kh1 e2 25. Nxd6 e1Q+ 26. Rxe1 Qxe1+ 27. Kh2 Rxa2 28. Qc8+ Kh7 29. Qf5+ Kg8 30. Qxf7+ Kh7 31. Nf5 1-0

[Event "Irkutsk Region-ch final"]
[Site "Irkutsk"]
[Date "2008.11.02"]
[Round "9"]
[White "Kiselyov, Sergei"]
[Black "Goriachkin, Viktor"]
[Result "1-0"]
[WhiteElo "2134"]
[BlackElo "2117"]
[PlyCount "145"]
[EventDate "2008.10.25"]
[EventType "tourn"]
[EventRounds "13"]
[EventCountry "RUS"]
[SourceTitle "EXT 2022"]
[Source "ChessBase"]
[SourceDate "2021.10.06"]
[SourceVersion "1"]
[SourceVersionDate "2021.10.06"]
[SourceQuality "1"]

1. e4 e5 2. Bc4 Nf6 3. Nc3 Nc6 4. d3 Bb4 5. Bg5 h6 6. Bd2 Bxc3 7. bxc3 0-0 8. Ne2 d5 9. exd5 Nxd5 10. 0-0 Bg4 11. f3 Be6 12. Qe1 Nce7 13. Bb3 Ng6 14. f4 Bg4 15. fxe5 Nxe5 16. Nf4 Nxf4 17. Rxf4 Re8 18. Qg3 Be6 19. Raf1 Bxb3 20. axb3 Qg5 21. Qf2 f6 22. h3 b6 23. d4 Nd7 24. Rg4 Qh5 25. Qg3 g5 26. h4 Qg6 27. hxg5 h5 28. gxf6 Qxg4 29. Qxg4+ hxg4 30. f7+ Kg7 31. fxe8Q Rxe8 32. Re1 Rxe1+ 33. Bxe1 c6 34. c4 Kg6 35. Kf2 Kf5 36. Ke3 a6 37. Bg3 Nf6 38. Bc7 b5 39. Kd3 Ne4 40. Bb8 Nf2+ 41. Ke3 Nd1+ 42. Ke2 Nc3+ 43. Kd3 Ne4 44. d5 c5 45. Bc7 Nf6 46. Ke3 Nd7 47. cxb5 axb5 48. c3 Nf6 49. c4 b4 50. Bb8 Ne4 51. Bc7 Nf6 52. Bb6 Nd7 53. Bd8 Ke5 54. Bc7+ Kf5 55. Bd6 Kg5 56. Ke4 g3 57. Bxg3 Kg4 58. Be5 Kg5 59. g3 Nb6 60. d6 Kg6 61. Bf4 Kf6 62. g4 Ke6 63. g5 Nd7 64. g6 Nf6+ 65. Kf3 Nd7 66. Kg4 Kf6 67. Kh5 Kg7 68. Kg5 Nf8 69. Be5+ Kg8 70. Kf5 Nd7 71. Bg3 Kg7 72. Bf2 Kg8 73. Ke6 1-0